Die Slowakei entdecken Unterwegs zwischen Donau und Hoher Tatra

Bibliographic Details
Main Author: Monzer, Frieder (Author)
Format: Book
Language:German
PhysicalDescription:286 strán fotografie, mapy 21 cm
Published: Berlin Trescher 2002
ISBN:3897940132
Edition:1. Aufl.
Series:Trescher-Reihe Reisen
Subjects:

MARC

LEADER 00000cam a2200000 a 4500
001 vtls001451430
003 SK-MaSNL
005 20260425225250.0
008 240226s2002 gw ob gr 000 0 ger
015 |a SNBZSA2003-00116 
020 |a 3897940132 
035 |a SNK000406731 
035 |a urn:nbn:sk:snk-am3j0ua 
035 |a 231F8B01-EFFC-4575-B3FA-42E4EB74CDC4 
035 |a urn:nbn:sk:snk-am00ghn1 
040 |a SNK  |b slo  |c SNK  |e AACR2 
041 0 |a ger 
043 |a e-xo---  |a eo-----  |a e-pl---  |a e-xo--- 
044 |a gw  |c DE 
072 7 |a 908(437)  |x Vlastiveda Česka a Slovenska  |2 konspekt 
080 |a 908(437.6)(036)=112.2  |2 1997 
080 |a (437.6)  |2 2011 
080 |a (282.243.7)  |2 2011 
080 |a (234.372.4)  |2 2011 
080 |a (036)913  |2 2011 
100 1 |a Monzer, Frieder  |4 aut  |9 354558 
245 1 4 |a Die Slowakei entdecken  |b Unterwegs zwischen Donau und Hoher Tatra  |c aufgezeichnet von Frieder Monzer 
250 |a 1. Aufl. 
260 |a Berlin  |b Trescher  |c 2002 
300 |a 286 strán  |b fotografie, mapy  |c 21 cm 
490 1 |a Trescher-Reihe Reisen 
651 7 |a Dunaj (rieka)  |2 SNKPHgeo  |9 22602 
651 7 |a Vysoké Tatry (Poľsko a Slovensko : pohorie)  |2 SNKPHgeo  |9 67729 
651 7 |a Slovensko  |2 SNKPHgeo  |9 14231 
655 7 |a turistickí sprievodcovia (publikácie)  |2 SNKPH  |9 191298 
830 0 |a Trescher-Reihe Reisen  |9 393738 
919 |a 3-89794-013-2 
958 |a TL 
958 |a DE 
958 |a ZS 
958 |a OND 
999 |c 643239  |d 645169 
952 |t P60, <03>, [BOOK], {603}  |a SNK  |b SNK  |y PREZ  |7 0  |p 17A0378147  |o snkSC 111335  |i snkV 687/2003  |0 0  |1 0  |4 0  |d 2003-04-15  |f 1  |l 0  |r 2025-10-01 00:00:00  |w 2026-02-23